000
00268nam a2200109Ia 4500
008
200302s9999 xx 000 0 und d
100
_a
Joseph Damelio
245
_a
Perspective Drawing Hand Book
260
_b
Van Nostrand Reinhold Co.,
260
_c
1984
300
_a
95 P.,
999
_c
803
_d
803